000 01661nam a22003617a 4500
003 dpl
005 2009013008508.0
007 DVD
008 050907s2005 cau105 g 00| 0 eng d
010 _aDVD-001590
024 _a7.02.4.01.141.08
_c599.00
035 _aDVD-001590
040 _aDPL
_cDPL
092 _aDVD / GONE
245 _aGone With The Wind
_h[videorecording] DVD /
_cBig Home Video Presents
260 _bBig Home Video
300 _a2 videocassette DVD; (224 min.) ;
_bsd., col. ;
_c4-3/4 in.
_fDVD
440 _aBig Home Video
500 _aWinner of 10 Academy Awards
508 _aDirector of photography, Oliver Wood ; art directors, Shepherd Frankel, Don Macaulay ; editor, William Hoy ; music, Miri Ben-Ari, John Ottman ; costume designer, Jose Fernandez, Wendy Partridge ; production designer, Bill Boes ; visual effects supervisors
538 _aDolby digital 5.1, English, German, Spanish Subtitles in English, Czech, Duthch, Danish
538 _aAspect Ratio 1:33.1,Presentation Type: Wide Screen, Presentation Size: 16x9, Format: DVD 9 Dual Layer Single Sided Disc. Layer Transition may trigger a slight pause.
650 _aMotion Picture
700 _aGable, Clark
700 _aLeigh, Vivien
700 _aHoward, Leslie
700 _aOlivia, Howarad
700 _aFleming, Victor
700 _aHoward, Sidney
942 _cCF
_2ddc
_hDVD
_mGONE
999 _c22676
_d22676